000 01957nam a2200277 a 4500
001 78202
003 BD-RjUL
005 20211209083113.0
008 210413s2000 bg ||||| m||| 00| 0 ben d
035 _a(BD-RjUL)78428
040 _aBD-RjUL
_bben /eng
_cBD-RjUL
_dBD-RjUL
041 _aben
082 _a297.61
_bASI 2000
_223
100 _aআসাদুজ্জামান, মোহাম্মদ
_9246959
245 1 0 _aইবন কায়্যিম আল-জাওযিয়্যাহ :
_bযাদ আল- মাআদ-এর আলোকে সীরাহ চর্চায় তাঁর অবদান /
_cমোহাম্মদ আসাদুজ্জামান ;
_6গবেষণা তত্ত্বাবধায়ক : এফ.এম.এ.এইচ. তাকী
260 _aরাজশাহী :
_bইসলামিক স্টাডিজ বিভাগ, রাজশাহী বিশ্ববিদ্যালয়,
_c২০০০
300 _a[১১], ৩০৩ পাতা ;
_c২৯ সেমি.
502 _aথিসিস (পি.এইচ.ডি.) -- ইসলামিক স্টাডিজ বিভাগ, রাজশাহী বিশ্ববিদ্যালয়, ২০০০
504 _aগ্রন্থপঞ্জী : পাতা [১৯০]-৩০৩
600 _aমুহাম্মাদ (সা.),
_c- নবী
_d-৫৭০-৬৩২ খ্রি.
_xজীবনী
_9247058
600 _aMuḥammad (SM),
_c-Prophet
_d-570-632 A. D.
_xBiography
_9247059
600 _aআল-জাওযিয়্যাহ, ইবন কায়্যিম,
_d-১২৯২-১৩৫০ খ্রিষ্টাব্দ
_xজীবনী
_9247060
600 _a Al-Jawziyyah, Ibn Qayyim
_d1292-1350 AD:
_xBiography
_9247061
700 _aতাকী, এফ. এম. এ. এইচ. গবেষণা তত্ত্বাবধায়ক
_9246964
942 _2ddc
_cTHE
999 _c78202
_d78202